01035cam a22003133a 4500001000500000005001700005020001800022040002800040050001500068082001100083100001600094245005400110250004500164260003400209300004000243490004500283500002600328505000800354520011800362521002000480521002000500650002200520650002500542650002500567650003100592650003400623650003400657655003000691121520231123160630.0 a9780439178822 aGZGcGZGdLEOdDLCbeng00aPZ7.M47396 a813.541 aMazer, Anne14aThe pen is mightier than the sword /cAnne Mazer. aFirst Scholastic printing, December 2001 aNew York :bScholastic,c2001 a125 pages :billustrations ;c20 cm1 aThe amazing days of Abby Hayes ;vBook 6 a"An Apple paperback." aK  aAbby Hayes is chosen to write an advice column for her fifth-grade newspaper, but her own life is out of control. a510 bLexile  aK bRaz-Plus  0aSchoolsvFiction. 0aFriendshipvFiction. 0aNewspapersvFiction. 0aSchoolsvJuvenile fiction. 0aNewspapersvJuvenile fiction. 0aFriendshipvJuvenile fiction. 7aChildren's stories.2lcsh